00508cam a22001337a 4500008004000000082001400040245008800054260005700142300000900199650002000208700004100228999001900269952008600288180718b1960 xxu||||| |||| 00| 0 eng d aK238 N213 aSeverance pay patterns in noomanufacturingcby National Industrial Conference Board aNew YorkbNational Industrial Conference Boardc1960 a34p. aDismissal Wages aNational Industrial Conference Board c480865d480865 00104070aIIPAbIIPAd2018-08-04oK238 N213pGR4281r2018-08-04w2018-08-04yGR